Catalogue de la bibliothèque de M. Ricardo Heredia, Comte de Benahans. (Record no. 153028)
[ view plain ]
| 000 -LEADER | |
|---|---|
| campo de control de longitud fija | 00962nam a22001815i 4500 |
| 001 - NÚMERO DE CONTROL | |
| campo de control | 153028 |
| 003 - IDENTIFICADOR DE NÚMERO DE CONTROL | |
| campo de control | ES-MaACL |
| 005 - FECHA Y HORA DE LA ÚLTIMA TRANSACCIÓN | |
| campo de control | 20251002200849.0 |
| 008 - DATOS DE LONGITUD FIJA--INFORMACIÓN GENERAL | |
| campo de control de longitud fija | 940301m18911894fr a |||| | fre d |
| 040 ## - FUENTE DE CATALOGACIÓN | |
| Centro catalogador/agencia de origen | AR |
| Lengua de catalogación | spa |
| 245 00 - MENCIÓN DEL TÍTULO | |
| Título | Catalogue de la bibliothèque de M. Ricardo Heredia, Comte de Benahans. |
| 260 ## - PUBLICACIÓN, DISTRIBUCIÓN, ETC. | |
| Lugar de publicación, distribución, etc. | Paris : |
| Nombre del editor, distribuidor, etc. | Em. Paul L. Huard et Guillemin, libraires de la Bibliothèque Nationale, |
| Fecha de publicación, distribución, etc. | 1891-1894 ( |
| Fabricante | Typ. G. Chamerot) |
| 300 ## - DESCRIPCIÓN FÍSICA | |
| Extensión | 4 v. : |
| Otras características físicas | il. ; |
| Dimensiones | 28 cm. |
| 505 8# - NOTA DE CONTENIDO CON FORMATO | |
| Nota de contenido con formato | Contiene: Première partie: Théologie, Jurisprudence, Sciences, Arts divers, Beaux arts, Livres illustrés. -- Deuxième partie: Belles-lettres. -- Troisième partie: Histoire autographes. -- Quatrième partie: Théologie, Jurisprudence, Science et arts, Beaux-arts, Belles lettres, Histoire |
| 600 27 - PUNTO DE ACCESO ADICIONAL DE MATERIA--NOMBRE DE PERSONA | |
| Nombre de persona | Heredia y Livermoore, Ricardo, |
| Títulos y otros términos asociados al nombre | Conde de Benahavis- |
| Subdivisión general | Biblioteca. |
| Subencabezamiento de forma | Catálogos |
| Fuente del encabezamiento o término | |
| 9 (RLIN) | 127876 |
| 852 ## - LOCALIZACIÓN | |
| Ubicación | ES-MaACL |
| Número de control de estantería | B-10953-56 |
| Nota libre | -- Enc. hol. |
| Estatus retirado | Estado de pérdida | Estado de daño | No para préstamo | Colección | Biblioteca de origen | Biblioteca actual | Ubicación en estantería | Fecha de adquisición | Total de préstamos | Signatura topográfica completa | Código de barras | Visto por última vez | Precio de reemplazo | Tipo de ítem Koha |
|---|---|---|---|---|---|---|---|---|---|---|---|---|---|---|
| Libros del s. XIX | Biblioteca del Ateneo de Madrid | Biblioteca del Ateneo de Madrid | Sala Pardo Bazán | 17/01/2008 | B-10953-56 | 1159868 | 23/02/2023 | 23/02/2023 | Libro impreso antiguo |
